Uvádzanie nového produktu na vybraný trh diplomová práca

Enregistré dans:
Détails bibliographiques
Auteur principal: Kyseľová, Zuzana
Collectivité auteur: Obchodná fakulta EU. Katedra marketingu
Autres auteurs: Lukačovičová, Zuzana
Format: Livre
Langue:slovaque
Publié: Bratislava 2014
Tags: Ajouter un tag
Pas de tags, Soyez le premier à ajouter un tag!

MARC

LEADER 00000nbm a2200000 4500
001 0185944
005 20170201094027.1
041 0 |a slo 
044 |a SK 
245 1 0 |a Uvádzanie nového produktu na vybraný trh  |b diplomová práca  |c Zuzana Kyseľová ; školiteľ: Zuzana Lukačovičová 
264 1 |a Bratislava  |c 2014 
300 |a 73 s. 
100 1 |a Kyseľová, Zuzana 
700 1 |a Lukačovičová, Zuzana 
710 2 |a Obchodná fakulta EU. Katedra marketingu